Kultúra a rozvoj vidieka v kontexte EÚ
Rozvoj vidieka v Európskej únii ako významná súčasť Spoločnej poľnohospodárskej politiky EÚ. Analýza niektorých aspektov kultúry na vidieku a jej dopad na vidiecku ekonomiku. Implementácia projektov kultúry na vidieku a ich financovanie v rámci Európskej únie. Projekt LEADER. Podpora kultúry na vidi...
Salvato in:
| Autore principale: | |
|---|---|
| Natura: | Capitolo di libro |
| Lingua: | slovacco |
| Soggetti: | |
| Tags: |
Nessun Tag, puoi essere il primo ad aggiungerne!!
|
MARC
| LEADER | 00000nla a2200000 4500 | ||
|---|---|---|---|
| 001 | 0241519 | ||
| 005 | 20240502073931.5 | ||
| 041 | 0 | |a slo | |
| 044 | |a SK | ||
| 245 | 1 | 0 | |a Kultúra a rozvoj vidieka v kontexte EÚ |c Ľubica Harakaľová |
| 520 | |a Rozvoj vidieka v Európskej únii ako významná súčasť Spoločnej poľnohospodárskej politiky EÚ. Analýza niektorých aspektov kultúry na vidieku a jej dopad na vidiecku ekonomiku. Implementácia projektov kultúry na vidieku a ich financovanie v rámci Európskej únie. Projekt LEADER. Podpora kultúry na vidieku v programovacom období 2014-2020 a Slovenská republika. | ||
| 610 | 2 | 0 | |a kultúra |
| 610 | 2 | 0 | |a rozvoj vidieka |
| 610 | 2 | 0 | |a projekty |
| 610 | 2 | 0 | |a politika poľnohospodárska spoločná |
| 610 | 2 | 0 | |a financovanie |
| 610 | 2 | 0 | |a zdroje finančné |
| 610 | 2 | 0 | |a fondy Európskej únie |
| 610 | 2 | 0 | |a Európska únia |
| 610 | 2 | 0 | |a Slovensko |
| 100 | 1 | |a Harakaľová, Ľubica, 1963- | |